Open Data Biblioteca Nacional de Portugal


República Portuguesa: Ministério da Cultura
Biblioteca Nacional de Portugal

Catálogo da BNP: acesso por Identificadores Unívocos
Registos Bibliográficos associados ao registo de autoridade

Etiqueta de registo: 00379nas 2200205 450
001 2283179
003 http://id.bnportugal.gov.pt/bib/catbnp/2283179
100 ## $a20260329b19841985m y0pory01030103ba
101 0# $apor
102 ## $aPT
106 ## $ae
110 ## $acdazz 0uu0
200 1# $aColeccionando com o DP$esuplemento quinzenal$fcoord. A. Pires cavaleiro
207 #0 $a[Nº 1 (6 nov. 1984) - nº 28 (19 nov. 1985)]
210 #9 $aLisboa$cRadioprel - Sociedade de Actividades Gráficas e Editoriais$d[1984-1985]
215 ## $d30 cm
312 ## $aSuplemento destacável, publicado como parte integrante do jornal Diário Popular
317 ## $aColeção Leandro de Moraes Sarmento$5PTBN: L.M.S. 291
326 ## $aQuinzenal
422 #1 $100190454$tDiário Popular$cLisboa$bSociedade Industrial de Imprensa,$d1942-1999
532 10 $aColecionando com o Diário Popular
606 ## $aPublicações para jovens$x [ Periódicos]$2SIPOR$31993606
606 ## $aColecionismo$x [ Periódicos]$2SIPOR$31994164
620 ## $dLisboa
675 ## $a087.5(05)$vBN$zpor$3288171
675 ## $a379.824(05)$vBN$zpor$31994165
702 #1 $aCavaleiro$bA. Pires$4300$3236356
801 #0 $aPT$bBN$gRPC
966 ## $lBN$mFGJOR$pBiblioteca particular Leandro de Moraes Sarmento$sL.M.S. 291 $x3

OpendataBNP@bnportugal.pt | Mais informação sobre acesso aos dados BNP